01460 am a22003255a 4500001001200000003000400012005001700016008004100033020001500074040003300089043001200122082002300134100003600157245009300193246003300286260006600319300002400385500002400409504003100433505021400464650005300678650006100731651001000792653002500802655002400827942000800851999001700859952013700876952012101013ocm49558801OSt20151116153118.0020405t2002 pau frb s001 0 eng d a0271022744 aDLCcDLCdIULbengdEG-ScBUE acl-----04a305.42098222bKAM1 aKampwirth, Karen,d1964-93875610aWomen & guerrilla movements :bNicaragua, El Salvador, Chiapas, Cuba /cKaren Kampwirth.3 aWomen and guerilla movements aPennsylvania :bPennsylvania State University Press,cc.2002. ax, 194 p. ;c23 cm. aIndex : p. 187-194. aBibliography : p. 157-185.0 aNew roles for Sandino's daughters -- Feminine challenges to military rule in El Salvador -- Also a women's rebellion : the rise of the Zapatista army -- Rethinking women and guerrilla movements : back to Cuba. 0aWomenxPolitical activityzLatin America.2BUEsh 0aWomen revolutionarieszLatin AmericavInterviews.2BUEsh 2BUEsh bBUSBOLcNovember2015 vReading book934232 2ddc c21053d21025 00102ddc40708BaccahaMAINbMAINc1STd2015-11-16ePurchasel2m13o305.42098 KAMp000031320r2025-07-15 00:00:00s2018-12-03yBB 00102ddc40708BaccahaMAINbMAINc1STd2015-11-16ePurchasel0o305.42098 KAMp000031321r2025-07-15 00:00:00yBB